header

Re-viewing television history (Record no. 14681)

MARC details
000 -LEADER
fixed length control field 01314nam a2200301 a 4500
245 00 - TITLE STATEMENT
Title Re-viewing television history
260 ## - PUBLICATION, DISTRIBUTION, ETC. (IMPRINT)
Place of publication London :
Name of publisher I.B. Tauris,
Year of publication 2007.
300 ## - PHYSICAL DESCRIPTION
Number of Pages x, 245 p.
505 00 - FORMATTED CONTENTS NOTE
Formatted contents note pt. 1. Debating the canon -- pt. 2. Textual histories -- pt. 3. Production and institutions -- pt. 4. Audiences.
650 #0 - SUBJECT ADDED ENTRY--TOPICAL TERM
Topical Term Television programs
Topical Term Television programs
700 1# - ADDED ENTRY--PERSONAL NAME
Personal name Wheatley, Helen
856 40 - ELECTRONIC LOCATION AND ACCESS
Uniform Resource Identifier http://site.ebrary.com/lib/rucke/Doc?id=10254919

No items available.

© 2026 Rongo University
Contact us: librarian | system librarian | Rongo university